Libros Registros-Cedularios de Charcas 1563-1717: catálogo
Guardado en:
| Formato: | Libro |
|---|---|
| Lenguaje: | español |
| Publicado: |
Buenos Aires
Instituto de Investigaciones de Historia de Derecho
1992
|
| Colección: | Edición de Fuentes de Derecho Indiano en conmemoracion del V Centenario del Descubrimiento de America, 6-8
|
| Materias: | |
| Etiquetas: |
Agregar Etiqueta
Sin Etiquetas, Sea el primero en etiquetar este registro!
|
MARC
| LEADER | 00000nam a2200000 a 4500 | ||
|---|---|---|---|
| 001 | UCX8794 | ||
| 003 | CL-VaPUC | ||
| 008 | 940502e19920000AG |||||||||||||||||spa|d | ||
| 082 | 0 | 4 | |a 016.982 |b LIB |2 21 |
| 245 | 1 | 0 | |a Libros Registros-Cedularios de Charcas 1563-1717: catálogo |
| 300 | |a v | ||
| 942 | |c BK | ||
| 945 | |d 19940502 00:00:00 |a oaravena | ||
| 260 | |a Buenos Aires |b Instituto de Investigaciones de Historia de Derecho |c 1992 | ||
| 650 | 0 | |a Archivo General de Indias |v Catálogos |9 325995 | |
| 650 | 7 | |a HISTORIA 1535-1617 |2 CL-VaPUC |9 257393 | |
| 650 | 7 | |a HISTORIA 1617-1776 |2 CL-VaPUC |9 257394 | |
| 651 | 0 | |a Argentina |9 254888 | |
| 583 | |a last modification |c 19940502 00:00:00 |k Rodrigo Vera | ||
| 490 | 0 | |a Edición de Fuentes de Derecho Indiano en conmemoracion del V Centenario del Descubrimiento de America, 6-8 | |
| 999 | |c 228193 |d 228191 | ||
| 952 | |0 0 |1 0 |4 0 |6 016_982000000000000_LIB_1992 |7 0 |8 A |9 227967 |a BIBDER |b BIBDER |d 2019-11-15 |h v.1 |i 2974541 |o 016.982 LIB 1992 |p 2974541 |r 2023-01-25 |w 2019-11-15 |y BK |k DER | ||
| 952 | |0 0 |1 0 |4 0 |6 016_982000000000000_LIB_1992 |7 0 |8 A |9 227968 |a BIBDER |b BIBDER |d 2019-11-15 |h v.2 |i 297455K |o 016.982 LIB 1992 |p 297455K |r 2023-01-25 |w 2019-11-15 |y BK |k DER | ||
| 952 | |0 0 |1 0 |4 0 |6 016_982000000000000_LIB_1992 |7 0 |8 A |9 227969 |a BIBDER |b BIBDER |d 2019-11-15 |h v.3 |i 3062716 |o 016.982 LIB 1992 |p 3062716 |r 2023-01-25 |w 2019-11-15 |y BK |k DER | ||
| 952 | |0 0 |1 0 |4 0 |6 016_982000000000000_LIB_1992 |7 0 |8 A |9 227970 |a BIBDER |b BIBDER |d 2019-11-15 |h v.4 |i 3251306 |o 016.982 LIB 1992 |p 3251306 |r 2023-01-25 |w 2019-11-15 |y BK |k DER | ||
| 952 | |0 0 |1 0 |4 0 |6 016_982000000000000_LIB_1992 |7 0 |8 DER_HDC |9 227971 |a BIBDER |b BIBDER |d 2019-11-15 |h v.1 |i 3519228 |o 016.982 LIB 1992 |p 3519228 |r 2023-01-25 |w 2019-11-15 |x Ubicación 4to Piso |y BK |z Estos recursos deben solicitarse con anticipación |k DER | ||
| 952 | |0 0 |1 0 |4 0 |6 016_982000000000000_LIB_1992 |7 0 |8 DER_HDC |9 227972 |a BIBDER |b BIBDER |d 2019-11-15 |h v.2 |i 3519236 |o 016.982 LIB 1992 |p 3519236 |r 2023-01-25 |w 2019-11-15 |x Ubicación 4to Piso |y BK |z Estos recursos deben solicitarse con anticipación |k DER | ||
| 952 | |0 0 |1 0 |4 0 |6 016_982000000000000_LIB_1992 |7 0 |8 DER_HDC |9 227973 |a BIBDER |b BIBDER |d 2019-11-15 |h v.3 |i 3519244 |o 016.982 LIB 1992 |p 3519244 |r 2023-01-25 |w 2019-11-15 |x Ubicación 4to Piso |y BK |z Estos recursos deben solicitarse con anticipación |k DER | ||
| 952 | |0 0 |1 0 |4 0 |6 016_982000000000000_LIB_1992 |7 0 |8 DER_HDC |9 227974 |a BIBDER |b BIBDER |d 2019-11-15 |h v.4 |i 3519252 |o 016.982 LIB 1992 |p 3519252 |r 2023-01-25 |w 2019-11-15 |x Ubicación 4to Piso |y BK |z Estos recursos deben solicitarse con anticipación |k DER | ||
| 952 | |0 0 |1 0 |4 0 |6 016_982000000000000_LIB_1992 |7 0 |8 DER_HDC |9 227975 |a BIBDER |b BIBDER |d 2019-11-15 |h v.5 |i 3631281 |o 016.982 LIB 1992 |p 3631281 |r 2023-01-25 |w 2019-11-15 |x Ubicación 4to Piso |y BK |z Estos recursos deben solicitarse con anticipación |k DER | ||
| 952 | |0 0 |1 0 |4 0 |6 016_982000000000000_LIB_1992 |7 0 |8 A |9 227976 |a BIBDER |b BIBDER |d 2019-11-15 |h v.5 |i 363129K |o 016.982 LIB 1992 |p 363129K |r 2023-01-25 |w 2019-11-15 |y BK |k DER | ||